| 000 | 00424nam a2200181Ia 4500 | ||
|---|---|---|---|
| 001 | 11180 | ||
| 005 | 20260306161927.0 | ||
| 008 | 260306t2010||||xx |||||||||||||| ||spa|| | ||
| 041 | _aESP | ||
| 082 |
_a985.01 _bS799 |
||
| 100 |
_aSzykulski, Józef _eAUT |
||
| 245 | 0 |
_aPrehistoria del Perú sur: _b(costa extremo sur) |
|
| 260 | _c2010 | ||
| 300 |
_a _c |
||
| 650 | _aGEN | ||
| 654 | _aCHU | ||
| 942 |
_cLIB _dJUS _fJUS _2ddc _n |
||
| 999 |
_c11180 _d11180 |
||